|
|
|
|
| LEADER |
00000cam a2200000 a 4500 |
| 001 |
vtls010024073 |
| 003 |
SK-MaSNL |
| 005 |
20260301053024.0 |
| 008 |
240318s2009 xo f 000 0 slo |
| 015 |
|
|
|a SNBA2010/01-00434
|
| 020 |
|
|
|a 9788089241279
|q (brož.)
|
| 035 |
|
|
|a 3D507D9C-81DC-47D0-B7D6-80E2C199627A
|
| 035 |
|
|
|a urn:nbn:sk:snk-amk9i6
|
| 035 |
|
|
|a urn:nbn:sk:snk-am003cc7
|
| 040 |
|
|
|a SNK
|b slo
|c SNK
|e AACR2
|
| 041 |
0 |
|
|a slo
|
| 044 |
|
|
|a xo
|c SK
|
| 072 |
|
7 |
|a 616-053.9
|x Geriatria
|2 konspekt
|
| 080 |
|
|
|a 616-053.9
|2 2001
|
| 080 |
|
|
|a 612.67
|2 2001
|
| 080 |
|
|
|a 364-3
|2 2001
|
| 080 |
|
|
|a 616.1/.9
|2 2001
|
| 080 |
|
|
|a 616-084
|2 2001
|
| 080 |
|
|
|a (048.8)
|2 2001
|
| 100 |
1 |
|
|a Benjan, M. B.,
|d 1936-
|4 aut
|
| 245 |
1 |
0 |
|a Starnutie a staroba
|b príčiny, príznaky, problémy : prevencia a pomoc pri problémoch
|c M. B. Benjan
|
| 260 |
|
|
|a Zvolen
|b Bratia Sabovci
|c [2009]
|
| 300 |
|
|
|a 34 s.
|c 21 cm
|
| 500 |
|
|
|a Pozn. Vysvetl.
|
| 650 |
0 |
7 |
|a starnutie
|2 SNKPH
|9 2599
|
| 650 |
0 |
7 |
|a choroby
|2 SNKPH
|9 837
|
| 650 |
0 |
7 |
|a sociálna starostlivosť
|2 SNKPH
|9 3737
|
| 650 |
0 |
7 |
|a prevencia ochorení
|2 SNKPH
|9 69501
|
| 650 |
0 |
7 |
|a geriatria
|2 SNKPH
|9 903
|
| 650 |
0 |
7 |
|a Geriatrics
|2 SNKPHeng
|9 267488
|
| 650 |
0 |
7 |
|a Aging
|2 SNKPHeng
|9 291390
|
| 650 |
0 |
7 |
|a Diseases
|2 SNKPHeng
|9 292071
|
| 650 |
0 |
7 |
|a Public welfare
|2 SNKPHeng
|9 276120
|
| 650 |
0 |
7 |
|a Prevention of diseases
|2 SNKPHeng
|9 267625
|
| 655 |
|
7 |
|a štúdie
|2 SNKPH
|9 57033
|
| 655 |
|
7 |
|a Studies
|2 SNKPHeng
|9 265573
|
| 919 |
|
|
|a 978-80-89241-27-9
|
| 958 |
|
|
|a MI
|
| 968 |
|
|
|d 61
|
| 999 |
|
|
|c 607213
|d 609143
|
| 952 |
|
|
|a SNK
|b SNK
|y PREZ
|7 0
|p 17A0637894
|o snkSC 138282
|i snk2009/21929
|8 0
|0 0
|1 0
|4 0
|d 2009-12-08
|f 1
|l 0
|r 2017-06-30 00:00:00
|w 2026-02-23
|
| 952 |
|
|
|a SNK
|b SNK
|y VYP
|7 0
|p 17A1346068
|o snkSC 138282 D1
|i snk2009/21931
|8 0
|z Digitalizovaný
|0 0
|1 0
|4 0
|d 2009-12-08
|l 0
|r 2026-02-23 16:12:44
|w 2026-02-23
|